000 00998nam a2200241 a 4500
001 41532
003 BD-RjUL
005 20211209053415.0
008 1606 s19711968ii a|||| |||| 00| 0 ben d
020 _c: Tk. 15.00
035 _a(BD-RjUL) 41650
040 _aBD-RjUL
_bben
_cBD-RjUL
041 _aben
082 _223
_a751.7309954
_bSAA 1971
100 _aসান্যাল, নারায়ণ
_9126912
245 1 0 _aঅপরূপা অজন্তা :
_bরবীন্দ্র পুরস্কার-প্রাপ্ত : ১৩৭৫ /
_cনারায়ণ সান্যাল
250 _a২য় সুলভ সং.
260 _aকলিকাতা :
_bভারতীয় বুক স্টল,
_c১৯৭১
300 _a[৬], ২১০ পৃ. :
_bচিত্র ;
_c২৪ সেমি.
650 _aম্যুরাল ও ফ্রেস্কো
_9126913
_zভারত
650 _aMurals & Frescoes
_zIndia
_9127712
942 _2ddc
_cBK
999 _c41532
_d41532